000 01192nam a2200373 i 4500
001 8200
003 KOSZ 005
005 20191218144304.0
008 071102s1966 pl a f 001 0 pol
015 _aPB 1966/7174
040 _aWA N
_cKOSZ 005/RW
_dKOSZ 005/RW
_dKOSZ 005/HR
046 _k1966
080 _a628.8
080 _a697
080 _a662.6/.9
080 _a621.01.1:536.7
100 1 _aKołodziejczyk, Leon
_eAutor
245 1 0 _aGospodarka cieplna w ogrzewnictwie /
_cLeon Kołodziejczyk.
260 _aWarszawa :
_b"Arkady",
_c1966.
300 _a345, [2] s., [8] s. tabl. :
_bil. ;
_c25 cm.
336 _2rdacontent
_aTekst
_btxt
337 _2rdamedia
_aBez urządzenia pośredniczącego
_bn
338 _2rdacarrier
_aWolumin
_bnc
380 _aKsiążki.
388 _a1901-
504 _aBibliogr. s. 341-[342]. Indeks.
658 _aInżynieria i technika
650 4 _aTermodynamika techniczna
650 4 _aCiepło
650 4 _aOgrzewanie centralne
710 2 _aWydawnictwo "Arkady".
_4pbl.
856 _uhttp://koha.tu.koszalin.pl/cgi-bin/koha/opac-detail.pl?biblionumber=8200
_yKatalog online BPK
942 _2UKD
_cKS
999 _c8200
_d8200